[Event "World Rapid Women 2017"]
[Site "Riyadh KSA"]
[Date "2017.12.27"]
[Round "7.42"]
[White "Gara, Anita"]
[Black "Nakhbayeva, Guliskhan"]
[Result "0-1"]
[WhiteElo "2367"]
[BlackElo "2285"]
[EventDate "2017.12.26"]

1. e4 e6 2. d4 d5 3. Bd3 Nf6 4. e5 Nfd7 5. Nf3 c5 6. c3 Nc6 7. O-O Be7 8.
a3 Qb6 9. Bc2 a5 10. Re1 Qc7 11. Nbd2 O-O 12. Nf1 b6 13. Bg5 Ba6 14. Bxe7
Nxe7 15. Bxh7+ Kxh7 16. Ng5+ Kg8 17. Qh5 Bd3 18. Re3 Bg6 19. Qg4 cxd4 20.
cxd4 Rfe8 21. Rh3 Nf5 22. Rc3 Qb7 23. Rac1 Rac8 24. h4 Rxc3 25. Rxc3 Nh6
26. Qg3 Nf5 27. Qg4 Rc8 28. Nxe6 fxe6 29. Qxg6 Nxd4 30. Re3 Nf8 31. Qg4 Nf5
32. Re1 Rc4 33. Qg5 Qe7 34. Ne3 Qxg5 35. hxg5 Nxe3 36. Rxe3 Nd7 37. g3 Re4
38. Rc3 Nxe5 39. f4 Nc4 40. b4 Re3 41. Rxe3 Nxe3 42. Kf2 Nc4 43. bxa5 bxa5
44. a4 Nb2 45. Ke3 Nxa4 46. Kd4 Kf7 47. g4 Nb2 48. f5 a4 49. Kc3 a3 50. Kb3
Nc4 0-1

[Event "World Rapid Women 2017"]
[Site "Riyadh KSA"]
[Date "2017.12.27"]
[Round "7.43"]
[White "Bivol, Alina"]
[Black "Papp, Petra"]
[Result "1-0"]
[WhiteElo "2353"]
[BlackElo "2268"]
[EventDate "2017.12.26"]

1. Nf3 Nf6 2. g3 g6 3. Bg2 Bg7 4. d4 O-O 5. O-O d6 6. Nc3 c5 7. dxc5 dxc5
8. Qxd8 Rxd8 9. Ne5 Nbd7 10. Rd1 Re8 11. Nc4 Nf8 12. Be3 Ne6 13. h3 Rb8 14.
g4 b6 15. Bc6 Rd8 16. Ne5 Ba6 17. Bf3 Rxd1+ 18. Rxd1 Rd8 19. Nc6 Rxd1+ 20.
Nxd1 Kf8 21. Nxa7 Nd4 22. Bxd4 cxd4 23. Nc6 Nd7 24. Nb4 Bc8 25. b3 e5 26.
Bc6 f5 27. f3 h5 28. gxh5 gxh5 29. Nb2 Nb8 30. Nc4 Nxc6 31. Nxc6 e4 32.
Nxb6 Ba6 33. Nc4 Bb7 34. N4a5 Ba6 35. Nc4 Bb7 36. N6a5 Bd5 37. fxe4 Bxe4
38. b4 Bxc2 39. b5 d3 40. exd3 Bd4+ 41. Kg2 Bxd3 42. b6 h4 43. b7 Be4+ 44.
Kf1 Ba7 45. Ne5 Bxb7 46. Nxb7 Bd4 47. Nf3 Bf6 48. a4 Ke7 49. a5 Kd7 50. a6
Kc7 51. Nc5 1-0

[Event "World Rapid Women 2017"]
[Site "Riyadh KSA"]
[Date "2017.12.27"]
[Round "7.44"]
[White "Rapport, Jovana"]
[Black "Belenkaya, Dina"]
[Result "1-0"]
[WhiteElo "2345"]
[BlackElo "2220"]
[EventDate "2017.12.26"]

1. d4 d5 2. Nc3 c6 3. Bf4 Nf6 4. e3 g6 5. Be2 Bg7 6. Nf3 Bf5 7. Ne5 Nbd7 8.
g4 Be6 9. f3 Nb6 10. Qd2 Nfd7 11. O-O-O Nc8 12. e4 dxe4 13. Nxe4 Ncb6 14.
Nxd7 Qxd7 15. Nc5 Qc8 16. Kb1 O-O 17. Bh6 Nc4 18. Bxc4 Bxc4 19. Bxg7 Kxg7
20. h4 b6 21. Ne4 f5 22. Nf2 Bd5 23. Rde1 Qd7 24. Rh3 Qd6 25. h5 f4 26.
hxg6 hxg6 27. Nd3 Rh8 28. Nxf4 Rxh3 29. Nxh3 Bxf3 30. Qg5 e6 31. Nf4 e5 32.
dxe5 Qd7 33. Qxg6+ Kh8 34. e6 Qg7 35. e7 Qxg6 36. Nxg6+ Kg7 37. Nh4 Kf7 38.
e8=Q+ Rxe8 39. Rxe8 Kxe8 40. Nxf3 Kf7 41. b3 1-0

[Event "World Rapid Women 2017"]
[Site "Riyadh KSA"]
[Date "2017.12.27"]
[Round "7.45"]
[White "Sedina, Elena"]
[Black "Enkhtuul, Altan-Ulzii"]
[Result "1/2-1/2"]
[WhiteElo "2333"]
[BlackElo "2206"]
[EventDate "2017.12.26"]

1. e4 Nf6 2. e5 Nd5 3. d4 d6 4. c4 Nb6 5. exd6 exd6 6. Nc3 Be7 7. Bd3 Nc6
8. Nge2 O-O 9. O-O Bf6 10. b3 Bg4 11. Be3 Re8 12. Qd2 Bxe2 13. Nxe2 d5 14.
c5 Nd7 15. b4 a6 16. a4 a5 17. bxa5 Nxa5 18. Qc2 g6 19. Rab1 Ra7 20. Rfc1
Nf8 21. Rb5 Ne6 22. Rcb1 Qa8 23. Qc3 Nc6 24. Bc2 Bg7 25. h3 Na5 26. Bd3 Nc6
27. Bc2 Na5 28. Bd3 Nc6 29. Bc2 Na5 30. Bd3 Nc6 31. Bc2 Na5 1/2-1/2

[Event "World Rapid Women 2017"]
[Site "Riyadh KSA"]
[Date "2017.12.27"]
[Round "7.46"]
[White "Gevorgyan, Maria"]
[Black "Badelka, Olga"]
[Result "1-0"]
[WhiteElo "2138"]
[BlackElo "2156"]
[EventDate "2017.12.26"]

1. e4 c5 2. Nc3 Nc6 3. Bb5 Nd4 4. Bc4 e6 5. Nge2 Ne7 6. Nxd4 cxd4 7. Ne2
Nc6 8. d3 Be7 9. O-O a6 10. a4 O-O 11. Ng3 Rb8 12. f4 d5 13. exd5 exd5 14.
Bb3 Bh4 15. Qf3 Bxg3 16. hxg3 Ne7 17. g4 f5 18. g5 Be6 19. Bd2 Bf7 20. Bb4
Re8 21. a5 Nc6 22. Bd2 Qd6 23. Qf2 Rbc8 24. Ba4 Re6 25. Bxc6 Rxc6 26. Qxd4
Rxc2 27. Bc3 Rg6 28. Rae1 h6 29. Qa4 Rxc3 30. bxc3 hxg5 31. Rb1 Qc7 32. Qb4
g4 33. Rfe1 g3 34. Re7 Qc6 35. Rxb7 Rh6 36. Rb6 Qd7 37. Rxh6 gxh6 38. Qb8+
Kh7 39. Qe5 Qc8 40. Qf6 Kg8 41. Qxh6 Qe8 42. Qg5+ Kf8 43. Qxg3 Qe2 44. Re1
Qxd3 45. Qxd3 1-0

[Event "World Rapid Women 2017"]
[Site "Riyadh KSA"]
[Date "2017.12.27"]
[Round "7.47"]
[White "Nguyen, Thi Mai Hung"]
[Black "Albzoor, Anwar"]
[Result "1-0"]
[WhiteElo "2314"]
[BlackElo "1558"]
[EventDate "2017.12.26"]

1. d4 d5 2. Nf3 Nf6 3. Bf4 e6 4. e3 Be7 5. Nbd2 b6 6. Bd3 Bb7 7. h3 Nbd7 8.
O-O O-O 9. Qe2 Ne4 10. Rad1 c5 11. c3 Rc8 12. Ne5 Nxe5 13. dxe5 Bg5 14.
Nxe4 Bxf4 15. Nd6 Bxe5 16. Nxc8 Qxc8 17. Bxh7+ Kxh7 18. Qh5+ Kg8 19. Qxe5
Qc6 20. Rd2 d4 21. f3 Ba6 22. Re1 d3 23. h4 Rd8 24. Qf4 Rd5 25. c4 Rh5 26.
Rxd3 1-0

[Event "World Rapid Women 2017"]
[Site "Riyadh KSA"]
[Date "2017.12.27"]
[Round "8.1"]
[White "Danielian, Elina"]
[Black "Ju, Wenjun"]
[Result "1/2-1/2"]
[WhiteTitle "GM"]
[BlackTitle "GM"]
[WhiteElo "2413"]
[BlackElo "2567"]
[WhiteFideId "13300210"]
[BlackFideId "8603006"]
[EventDate "2017.12.26"]

1. d4 Nf6 2. Bg5 d5 3. Bxf6 gxf6 4. e3 c5 5. dxc5 e6 6. c4 dxc4 7. Qxd8+ Kxd8 8.
Bxc4 Bxc5 9. Nf3 Nc6 10. Nc3 Ke7 11. O-O Bd7 12. Rac1 Rac8 13. Rfd1 Na5 14. Bf1
Bb4 15. Ne4 Rxc1 16. Rxc1 f5 17. Ned2 Bd6 18. a3 Rc8 19. Rxc8 Bxc8 20. h3 h6 21.
g4 fxg4 22. hxg4 Nc6 23. Bg2 b6 24. Nb3 Ne5 25. Nxe5 Bxe5 26. Nd4 Bd7 27. f4 Bf6
28. b4 Kd6 29. Kf2 a5 30. Kg3 axb4 31. axb4 Kc7 32. Bf1 Be7 33. b5 Kd6 34. Kf3
Bf6 35. Ke4 Kc5 36. Be2 Bg7 37. f5 exf5+ 38. Nxf5 Bf8 39. Nd4 Be7 40. Nf5 Bg5
41. Nd4 Be8 42. Nb3+ Kb4 43. Nd4 Kc3 44. Nf5 Kd2 45. Bc4 f6 46. Kd4 h5 47. gxh5
Bxh5 48. e4 Bg6 49. Kd5 Kc3 50. Bf1 Bxf5 51. exf5 1/2-1/2

[Event "World Rapid Women 2017"]
[Site "Riyadh KSA"]
[Date "2017.12.27"]
[Round "8.2"]
[White "Goryachkina, Aleksandra"]
[Black "Harika, Dronavalli"]
[Result "1-0"]
[WhiteTitle "WGM"]
[BlackTitle "GM"]
[WhiteElo "2486"]
[BlackElo "2504"]
[WhiteFideId "4147103"]
[BlackFideId "5015197"]
[EventDate "2017.12.26"]

1. e4 e6 2. d4 d5 3. Bd3 dxe4 4. Bxe4 Nf6 5. Bf3 c5 6. Ne2 Be7 7. Nbc3 O-O 8.
Be3 Qa5 9. O-O Rd8 10. Qe1 cxd4 11. Nxd4 Qe5 12. Rd1 a6 13. Qe2 Nbd7 14. Nb3 Qc7
15. Bd4 e5 16. Nd5 Nxd5 17. Bxd5 Bf6 18. Bc3 Rb8 19. Rfe1 Rf8 20. Bb4 Re8 21.
Bd6 Qb6 22. Bxb8 Nxb8 23. Qc4 Be6 24. Bxe6 Qxe6 25. Qxe6 Rxe6 26. Nc5 Rc6 27.
Rxe5 Kf8 28. Red5 g6 29. Ne4 Be7 30. Rd8+ Bxd8 31. Rxd8+ Kg7 32. Rxb8 Rxc2 33.
g4 Rxb2 34. g5 h6 35. h4 hxg5 36. hxg5 Rb5 37. f4 Rb1+ 38. Kf2 f5 39. gxf6+ Kf7
40. Rxb7+ Rxb7 41. Nd6+ Kxf6 42. Nxb7 g5 43. fxg5+ Kxg5 44. Ke3 1-0

[Event "World Rapid Women 2017"]
[Site "Riyadh KSA"]
[Date "2017.12.27"]
[Round "8.3"]
[White "Khotenashvili, Bela"]
[Black "Pham, Le Thao Nguyen"]
[Result "0-1"]
[WhiteTitle "GM"]
[BlackTitle "IM"]
[WhiteElo "2476"]
[BlackElo "2354"]
[WhiteFideId "13602640"]
[BlackFideId "12401226"]
[EventDate "2017.12.26"]

1. d4 Nf6 2. c4 e6 3. g3 d5 4. Nf3 Bb4+ 5. Nc3 O-O 6. Bg2 dxc4 7. O-O Nc6 8. a3
Be7 9. e4 a6 10. Bf4 Na5 11. Qe2 b5 12. Rad1 Bb7 13. h4 Re8 14. Qc2 h6 15. Rfe1
Bf8 16. Be5 Rc8 17. Nh2 Ba8 18. Bh3 Rb8 19. Qe2 Nc6 20. Rd2 Nxe5 21. dxe5 Nd7
22. Red1 Bc6 23. Nf3 Bc5 24. Nd4 Bxd4 25. Rxd4 Qe7 26. f4 Nc5 27. R4d2 Rbd8 28.
Rxd8 Rxd8 29. Bg2 Rd7 30. Kh2 Qd8 31. Rxd7 Qxd7 32. Qe3 Nd3 33. Nd1 Nxe5 34.
fxe5 Qxd1 35. Qc5 Qd7 36. g4 Bb7 37. g5 hxg5 38. hxg5 Qd2 39. Kg1 Qe1+ 40. Kh2
Bxe4 41. Bxe4 Qxe4 42. Qxc7 Qh4+ 43. Kg2 Qxg5+ 44. Kf3 Qf5+ 45. Kg2 Kh7 46. Kg3
g5 47. a4 Qf4+ 48. Kg2 g4 49. axb5 Qf3+ 50. Kg1 g3 0-1

[Event "World Rapid Women 2017"]
[Site "Riyadh KSA"]
[Date "2017.12.27"]
[Round "8.4"]
[White "Guo, Qi"]
[Black "Lei, Tingjie"]
[Result "1/2-1/2"]
[WhiteTitle "IM"]
[BlackTitle "GM"]
[WhiteElo "2396"]
[BlackElo "2528"]
[WhiteFideId "8604002"]
[BlackFideId "8605114"]
[EventDate "2017.12.26"]

1. d4 Nf6 2. c4 e6 3. Nf3 d5 4. Nc3 dxc4 5. e3 c5 6. Bxc4 cxd4 7. exd4 Be7 8.
O-O O-O 9. d5 exd5 10. Nxd5 Nxd5 11. Bxd5 Bf6 12. Qb3 Nc6 13. Rd1 Qb6 14. Qxb6
axb6 15. Bg5 Bxb2 16. Rab1 Bf6 17. Bxf6 gxf6 18. Bxc6 bxc6 19. Rxb6 Rxa2 20.
Rxc6 Be6 21. Rcd6 Rb8 22. Rd8+ Rxd8 23. Rxd8+ Kg7 24. h3 Ra1+ 25. Kh2 Ra2 26.
Kg3 Ra3 27. Rd2 Ra2 28. Rd3 f5 1/2-1/2

[Event "World Rapid Women 2017"]
[Site "Riyadh KSA"]
[Date "2017.12.27"]
[Round "8.5"]
[White "Doluhanova, Evgeniya"]
[Black "Kosteniuk, Alexandra"]
[Result "0-1"]
[WhiteTitle "WGM"]
[BlackTitle "GM"]
[WhiteElo "2352"]
[BlackElo "2557"]
[WhiteFideId "14112035"]
[BlackFideId "4128125"]
[EventDate "2017.12.26"]

1. d4 Nf6 2. Bf4 e6 3. e3 d5 4. Nd2 c5 5. c3 Nc6 6. Ngf3 Bd6 7. Bg3 O-O 8. Bd3
b6 9. O-O Bb7 10. Ne5 Ne7 11. Qc2 c4 12. Be2 b5 13. Bh4 Ne4 14. Bxe7 Qxe7 15. f4
Nxd2 16. Qxd2 f6 17. Nf3 Bc6 18. Qc2 a5 19. Nd2 e5 20. Rae1 exf4 21. exf4 Qe3+
22. Kh1 Bxf4 23. Nxc4 bxc4 24. Bh5 Qd2 25. Qf5 Bxh2 26. Kxh2 Qh6 27. Rf3 Qg5 28.
Qe6+ Kh8 29. Qxc6 Qxh5+ 30. Rh3 Qg5 31. Re7 Rab8 32. Rg3 Qh4+ 33. Rh3 Qf4+ 34.
Rg3 Rxb2 35. Rxg7 Qh6+ 36. Kg1 Rb1+ 37. Kf2 Qd2+ 38. Kf3 Qxc3+ 39. Kg4 Qxd4+ 40.
Kh5 Rh1+ 0-1

[Event "World Rapid Women 2017"]
[Site "Riyadh KSA"]
[Date "2017.12.27"]
[Round "8.6"]
[White "Paehtz, Elisabeth"]
[Black "Batsiashvili, Nino"]
[Result "1-0"]
[WhiteElo "2464"]
[BlackElo "2502"]
[PlyCount "153"]
[EventDate "2017.12.26"]
[EventType "rapid"]

1. e4 e5 2. Nf3 Nc6 3. Bb5 a6 4. Ba4 g6 5. c3 d6 6. O-O Bd7 7. d4 Bg7 8. Be3
Nf6 9. Bc2 O-O 10. h3 Re8 11. d5 Ne7 12. c4 h6 13. Nc3 Nh5 14. Nd2 Rf8 15. c5
Nf4 16. a4 f5 17. Nc4 fxe4 18. cxd6 cxd6 19. Bb6 Qb8 20. Bxe4 Nf5 21. Ne2 Rf6
22. Ra3 Qf8 23. Nxf4 exf4 24. Bf3 h5 25. Nd2 Nh4 26. Ne4 Rf5 27. Nc3 Re8 28.
Kh1 Rfe5 29. Ra1 Qf5 30. a5 R5e7 31. Bc7 Qf6 32. Bb6 Qg5 33. Ra3 Bf5 34. Nb1
Nxf3 35. Rxf3 Be4 36. Nd2 Bxd5 37. b4 Bc3 38. Rg1 Bxd2 39. Qxd2 Bxf3 40. gxf3
Qf5 41. Kh2 Re6 42. h4 Kh7 43. Rg5 Qf7 44. Qd3 Re5 45. Rg2 Qf6 46. Rg5 Rxg5 47.
hxg5 Qxg5 48. Qc4 Qf6 49. Bd4 Qe6 50. Qc7+ Qe7 51. Qc4 Kh6 52. Bc3 Rf8 53. Qd4
h4 54. Qd5 g5 55. Bd4 Kh5 56. b5 axb5 57. Qxb5 Qf7 58. Bb2 Re8 59. Qd3 Re6 60.
Qd5 Rf6 61. Qd4 Rh6 62. Bc3 Qe6 63. Qd3 Rg6 64. Qb5 Qf7 65. Bd4 d5 66. Qd3 g4
67. fxg4+ Rxg4 68. Qf3 Qf5 69. Kh3 Kg6 $4 ({Inexplicable.} 69... Kg5 {is as
winning as a forced mate in 14.}) 70. Qxg4+ Qxg4+ 71. Kxg4 Kf7 72. Kxh4 Ke6 73.
Kg4 Kd7 74. Kxf4 Kc6 75. Ke5 Kb5 76. Bb6 Kc4 77. f4 1-0

[Event "World Rapid Women 2017"]
[Site "Riyadh KSA"]
[Date "2017.12.27"]
[Round "8.7"]
[White "Huang, Qian"]
[Black "Charochkina, Daria"]
[Result "0-1"]
[WhiteTitle "WGM"]
[BlackTitle "IM"]
[WhiteElo "2438"]
[BlackElo "2317"]
[WhiteFideId "8602689"]
[BlackFideId "4180917"]
[EventDate "2017.12.26"]

1. d4 d5 2. c4 c6 3. Nf3 Nf6 4. Nc3 e6 5. Bg5 Nbd7 6. e3 h6 7. Bh4 g5 8. Bg3 Nh5
9. cxd5 exd5 10. Bd3 Nxg3 11. hxg3 Bg7 12. Qc2 Nb6 13. O-O-O Be6 14. Kb1 Qe7 15.
Nd2 O-O-O 16. Nb3 Kb8 17. Nc5 Bc8 18. Qb3 Ka8 19. Rc1 f5 20. Rhe1 Qf6 21. a4 Nd7
22. Nxd7 Bxd7 23. a5 Bc8 24. Na4 Rhe8 25. a6 b5 26. Nc5 Bf8 27. Qa2 Qd6 28. Nb3
Bd7 29. Na5 Rb8 30. Nb7 Qb4 31. Re2 f4 32. gxf4 gxf4 33. Rc3 fxe3 34. fxe3 Bg4
35. Re1 Rbc8 36. Bg6 Re7 37. Rec1 Rec7 38. Bd3 Bd7 39. Rf1 Qe7 40. Nc5 Be8 41.
Bf5 Rb8 42. Ne6 Rcc8 43. Nxf8 Qxf8 44. Rcc1 Rc7 45. Bc8 Bg6+ 46. Ka1 Qxc8 47.
Rf6 Bd3 48. b3 Rb6 49. Qf2 Qxa6+ 50. Kb2 Rb8 51. Rxh6 b4 52. Ra1 Qb7 53. Rf6 Re7
54. Qf4 Rbe8 55. Rf8 Qb8 56. Rxe8 Qxe8 57. Qd6 Rxe3 58. Qxb4 Re2+ 59. Ka3 Qe7
60. Qxe7 Rxe7 61. Kb4 Kb7 62. g4 Kb6 63. g5 Rg7 64. Rg1 Rg6 65. Kc3 Be4 66. Kb4
Re6 67. Rf1 Rg6 68. Rg1 Rg8 69. Rg4 Kc7 70. Ka5 Bd3 71. Rg3 Be4 72. Ka6 Kb8 73.
Rg1 Bd3+ 74. Ka5 Kb7 75. Rg3 Be4 76. Rg1 Bc2 77. Rg3 Rg6 78. Rg2 Be4 79. Rg1 Re6
80. Rf1 Re7 81. Rg1 Kc7 82. Rf1 Rg7 83. Ka6 Rxg5 84. Rf7+ Kd6 85. Rf6+ Kd7 86.
Rf7+ Ke6 87. Rxa7 Bd3+ 88. Kb6 Bb5 89. Ra8 Rg3 90. b4 Rd3 0-1

[Event "World Rapid Women 2017"]
[Site "Riyadh KSA"]
[Date "2017.12.27"]
[Round "8.8"]
[White "Dzagnidze, Nana"]
[Black "Zawadzka, Jolanta"]
[Result "1-0"]
[WhiteTitle "GM"]
[BlackTitle "WGM"]
[WhiteElo "2522"]
[BlackElo "2424"]
[WhiteFideId "13601903"]
[BlackFideId "1122320"]
[EventDate "2017.12.26"]

1. Nf3 d5 2. c4 d4 3. g3 Nc6 4. Bg2 e5 5. d3 Nf6 6. O-O Bd6 7. Bg5 O-O 8. Nbd2
h6 9. Bxf6 Qxf6 10. Ne4 Qd8 11. Nxd6 Qxd6 12. Rc1 Bd7 13. Nd2 Rae8 14. a3 a5 15.
Qb3 Nd8 16. c5 Qa6 17. a4 Bc6 18. Ne4 Kh8 19. Nd2 f5 20. Qc4 Qxc4 21. Nxc4 Bxg2
22. Kxg2 Nc6 23. e3 Rd8 24. e4 fxe4 25. dxe4 d3 26. Rfd1 Rd4 27. f3 Rfd8 28. b3
g5 29. Rc3 g4 30. fxg4 Rxe4 31. Rcxd3 Rxd3 32. Rxd3 Rxg4 33. Re3 Rg5 34. h4 Rf5
35. g4 Rf4 36. Kg3 Kg7 37. Nxe5 Rb4 38. Nc4 Kf6 39. Rf3+ Ke6 40. Rd3 Kf6 41. Kf4
Ke7 42. Kf5 Rxb3 43. Rxb3 Nd4+ 44. Kg6 Nxb3 45. Kxh6 Nxc5 46. g5 Kf8 47. Kh7 b6
48. g6 Ne6 49. h5 b5 50. axb5 a4 51. h6 Ng5+ 52. Kh8 Nf7+ 53. gxf7 Kxf7 54. Kh7
Kf8 55. Kg6 Kg8 56. Kf6 1-0

[Event "World Rapid Women 2017"]
[Site "Riyadh KSA"]
[Date "2017.12.27"]
[Round "8.9"]
[White "Girya, Olga"]
[Black "Tan, Zhongyi"]
[Result "1-0"]
[WhiteTitle "WGM"]
[BlackTitle "GM"]
[WhiteElo "2484"]
[BlackElo "2517"]
[WhiteFideId "4195752"]
[BlackFideId "8603642"]
[EventDate "2017.12.26"]

1. d4 Nf6 2. c4 e6 3. Nf3 b6 4. g3 Bb7 5. Bg2 g6 6. O-O Bg7 7. Qc2 Be4 8. Qa4
Bc6 9. Qb3 O-O 10. Bg5 Qc8 11. Nc3 Ne4 12. Nxe4 Bxe4 13. Qe3 Qb7 14. Bh6 d6 15.
Bxg7 Kxg7 16. h4 h5 17. Rfd1 Nd7 18. d5 exd5 19. cxd5 Rae8 20. Qc3+ Kg8 21. Rac1
Rc8 22. Ng5 Bxg2 23. Kxg2 Rfe8 24. b4 Qa6 25. e4 Ne5 26. Qb3 Qb5 27. a4 Qd7 28.
Rc3 b5 29. axb5 Qxb5 30. Rdc1 Re7 31. Qa3 Qb6 32. Qa5 Qb7 33. b5 Ng4 34. Qa6
Qxa6 35. bxa6 f5 36. exf5 gxf5 37. Ne6 c5 38. Rb3 Nf6 39. Nf4 Kf7 40. Rcb1 c4
41. Rb7 c3 42. Rc1 Rcc7 43. Rxc7 Rxc7 44. Rc2 Rc5 45. Kf3 Nxd5 46. Nxd5 Rxd5 47.
Rxc3 Rc5 48. Rb3 Kf6 49. Rb7 Rc3+ 50. Ke2 f4 51. gxf4 Ra3 52. Rxa7 Kf5 53. Ra8
Ra2+ 54. Kf3 Ra3+ 55. Kg2 Kf6 56. a7 Kg7 57. f5 1-0

[Event "World Rapid Women 2017"]
[Site "Riyadh KSA"]
[Date "2017.12.27"]
[Round "8.10"]
[White "Tokhirjonova, Gulrukhbegim"]
[Black "Ushenina, Anna"]
[Result "1/2-1/2"]
[WhiteTitle "WGM"]
[BlackTitle "GM"]
[WhiteElo "2329"]
[BlackElo "2416"]
[WhiteFideId "14203626"]
[BlackFideId "14110911"]
[EventDate "2017.12.26"]

1. e4 c5 2. Nf3 e6 3. d4 cxd4 4. Nxd4 Nc6 5. Nc3 Qc7 6. Be3 Nf6 7. Ndb5 Qb8 8.
Be2 a6 9. Nd4 Qc7 10. O-O Be7 11. f4 d6 12. Kh1 O-O 13. Qe1 Nxd4 14. Bxd4 b5 15.
a3 Bb7 16. Bd3 Rad8 17. Qg3 Bc6 18. Rae1 Qd7 19. Qh3 e5 20. fxe5 dxe5 21. Bxe5
Qxh3 22. gxh3 Rfe8 23. Bg3 Bc5 24. Bf2 Bd6 25. Bd4 Be5 26. Bxe5 Rxe5 27. Kg1
Rde8 28. Rf4 Nh5 29. Rh4 Nf6 30. Rf4 Nh5 31. Rh4 Nf6 32. Rf4 Nh5 1/2-1/2

[Event "World Rapid Women 2017"]
[Site "Riyadh KSA"]
[Date "2017.12.27"]
[Round "8.11"]
[White "Bodnaruk, Anastasia"]
[Black "Vijayalakshmi, Subbaraman"]
[Result "1-0"]
[WhiteTitle "IM"]
[BlackTitle "IM"]
[WhiteElo "2428"]
[BlackElo "2357"]
[WhiteFideId "4181751"]
[BlackFideId "5004098"]
[EventDate "2017.12.26"]

1. e4 e5 2. Nf3 Nc6 3. Bb5 a6 4. Ba4 Nf6 5. O-O Be7 6. Re1 b5 7. Bb3 d6 8. a4 b4
9. a5 O-O 10. d3 Bg4 11. c3 bxc3 12. bxc3 Rb8 13. Nbd2 d5 14. Qc2 dxe4 15. dxe4
Bd6 16. h3 Bh5 17. Bc4 Qc8 18. Be2 Bg6 19. Nh4 Nd8 20. Nxg6 fxg6 21. Nc4 Bc5 22.
Be3 Bxe3 23. Nxe3 Nf7 24. Nd5 Kh8 25. Bf1 Nd6 26. c4 g5 27. c5 Nb5 28. Qc4 g4
29. hxg4 Qxg4 30. Re3 Qh4 31. Rh3 Qg5 32. Re1 Qd2 33. Qe2 Qxe2 34. Rxe2 Nd4 35.
Re1 c6 36. Nc7 Rb2 37. Nxa6 Ra2 38. Rc3 Rxa5 39. f3 Nh5 40. Rb1 h6 41. Bc4 Nf4
42. Rb2 Ra1+ 43. Kh2 h5 44. Nb4 h4 45. Nd3 Nxd3 46. Bxd3 Kh7 47. Rc4 Rf6 48.
Rxd4 exd4 49. e5+ Rg6 50. Rb6 Kh6 51. Bxg6 Kxg6 52. Rxc6+ Kf5 53. e6 Kf6 54. Rd6
Rd1 55. c6 d3 56. c7 Rc1 57. Rxd3 Kxe6 58. Kh3 Rxc7 59. Kxh4 Kf5 60. Rd4 Rc2 61.
g4+ Kf6 62. Rd6+ Ke7 63. Ra6 Kf7 64. f4 Rc7 65. Kg5 Rc5+ 66. f5 Rc7 67. Kh5 Rc5
68. Ra7+ Kf6 1-0

[Event "World Rapid Women 2017"]
[Site "Riyadh KSA"]
[Date "2017.12.27"]
[Round "8.12"]
[White "Zimina, Olga"]
[Black "Sebag, Marie"]
[Result "1/2-1/2"]
[WhiteTitle "IM"]
[BlackTitle "GM"]
[WhiteElo "2415"]
[BlackElo "2492"]
[WhiteFideId "4132190"]
[BlackFideId "617822"]
[EventDate "2017.12.26"]

1. Nf3 d5 2. c4 c6 3. e3 Nf6 4. Nc3 e6 5. b3 Bd6 6. Bb2 O-O 7. d4 Nbd7 8. Bd3 e5
9. cxd5 cxd5 10. dxe5 Nxe5 11. h3 Qe7 12. O-O a6 13. Rc1 Be6 14. Nd4 Nxd3 15.
Qxd3 Rad8 16. Nf5 Bxf5 17. Qxf5 Be5 18. Rfd1 Rfe8 19. Na4 Bxb2 20. Nxb2 Qa3 21.
Qc2 h6 22. Na4 b5 23. Qb2 Qxb2 24. Nxb2 d4 25. Rc6 dxe3 26. fxe3 Rc8 27. Rxa6
Rxe3 28. Rad6 Re2 29. Rd8+ Rxd8 30. Rxd8+ Kh7 31. Nd1 Rxa2 32. Nc3 Ra1+ 33. Kh2
b4 34. Nd5 Nxd5 35. Rxd5 Rb1 36. Rd3 f5 37. h4 Kg6 38. Rf3 Rb2 39. Kh3 Rc2 40.
h5+ Kf6 41. Rf4 Rc3+ 42. Kh4 Rxb3 43. g4 Rb1 44. Rxf5+ Ke6 45. Rb5 b3 46. Kg3
Kf6 47. Kg2 Ke6 48. Rb7 Ke5 49. Rxg7 b2 50. Rb7 Kf4 1/2-1/2

[Event "World Rapid Women 2017"]
[Site "Riyadh KSA"]
[Date "2017.12.27"]
[Round "8.39"]
[White "Nakhbayeva, Guliskhan"]
[Black "Zhukova, Natalia"]
[Result "0-1"]
[WhiteTitle "WGM"]
[BlackTitle "GM"]
[WhiteElo "2314"]
[BlackElo "2444"]
[WhiteFideId "13704788"]
[BlackFideId "14101513"]
[EventDate "2017.12.26"]

1. d4 Nf6 2. c4 c5 3. d5 b5 4. cxb5 a6 5. bxa6 g6 6. Nc3 Bg7 7. Nf3 O-O 8. g3 d6
9. Bg2 Nbd7 10. Rb1 Nb6 11. Nd2 Rxa6 12. O-O Bb7 13. e4 Nfd7 14. Qc2 Qa8 15. b3
Rc8 16. Bb2 c4 17. b4 Ne5 18. Ba1 Na4 19. h3 Nxc3 20. Bxc3 Rxa2 21. Qd1 Qa3 22.
Rc1 Nd3 23. Rc2 Rxc2 24. Bxg7 Rxd2 25. Qxd2 Kxg7 26. Qg5 f6 27. Qg4 Ne5 28. Qe6
Rc7 29. b5 Bc8 0-1

[Event "World Rapid Women 2017"]
[Site "Riyadh KSA"]
[Date "2017.12.27"]
[Round "8.40"]
[White "Skripchenko, Almira"]
[Black "Ovod, Evgenija"]
[Result "1/2-1/2"]
[WhiteTitle "IM"]
[BlackTitle "IM"]
[WhiteElo "2403"]
[BlackElo "2364"]
[WhiteFideId "13900145"]
[BlackFideId "4131827"]
[EventDate "2017.12.26"]

1. e4 e5 2. Nf3 Nc6 3. Bc4 Bc5 4. c3 Nf6 5. d3 d6 6. O-O a6 7. a4 Ba7 8. b4 Ne7
9. Re1 Ng6 10. Be3 Bxe3 11. Rxe3 O-O 12. d4 a5 13. Bb3 Bg4 14. h3 Bxf3 15. Qxf3
axb4 16. dxe5 Nxe5 17. Qd1 bxc3 18. Nxc3 b6 19. Qd2 Nfd7 20. f4 Ng6 21. Rg3 Kh8
22. Rf1 Ra5 23. Bc2 Ne7 24. e5 d5 25. Qe2 f5 26. Qh5 Nc5 27. e6 d4 28. Rd1 Nxe6
29. Bb3 Nxf4 30. Qf3 Nfg6 31. Nb5 c5 32. Re1 f4 33. Rg5 Nf5 34. Qh5 Ngh4 35. Re6
c4 36. Bxc4 Rxa4 37. Bd3 Ra1+ 38. Kh2 Qxg5 39. Qxg5 Ng3 40. Qxg3 fxg3+ 41. Kxg3
Ng6 42. Bxg6 hxg6 43. Nxd4 Rf6 44. Re8+ Kh7 45. Nf3 g5 46. Nxg5+ Kg6 47. Nf3 b5
48. Rb8 Rb1 49. Kg4 b4 50. Ne5+ Kh7 51. h4 b3 52. h5 b2 53. Kg5 Rbf1 54. Ng6
R1f5+ 55. Kg4 Rxg6+ 56. hxg6+ Kxg6 57. Rxb2 1/2-1/2

[Event "World Rapid Women 2017"]
[Site "Riyadh KSA"]
[Date "2017.12.27"]
[Round "8.41"]
[White "Mamedjarova, Zeinab"]
[Black "Sedina, Elena"]
[Result "0-1"]
[WhiteTitle "WGM"]
[BlackTitle "IM"]
[WhiteElo "2363"]
[BlackElo "2312"]
[WhiteFideId "13401521"]
[BlackFideId "812153"]
[EventDate "2017.12.26"]

1. d4 d5 2. Nf3 Nf6 3. e3 Bf5 4. Bd3 Bxd3 5. cxd3 e6 6. O-O Be7 7. b3 O-O 8. Bb2
Nbd7 9. Nbd2 c5 10. dxc5 Nxc5 11. Ne5 Nfd7 12. Ndf3 f6 13. Nxd7 Qxd7 14. Qe2 a5
15. Rfd1 Rfc8 16. e4 a4 17. b4 a3 18. bxc5 axb2 19. Qxb2 Bxc5 20. Rab1 Ra7 21.
Rdc1 Ba3 22. Rxc8+ Qxc8 23. Qb5 Qc6 24. Nd4 Qxb5 25. Nxb5 Ra5 26. Nd4 dxe4 27.
dxe4 e5 28. Nf5 Bf8 29. Rb2 b6 30. g3 Ra4 31. f3 g6 32. Nh4 Bc5+ 33. Kg2 Kf7 34.
Kh3 Ke6 35. Re2 Ra3 36. Kg2 Be3 37. Rc2 Bc5 38. f4 Re3 39. fxe5 Kxe5 40. Nf3+
Kxe4 41. Rc4+ Kd5 42. Rh4 h5 43. Ra4 Re2+ 44. Kh1 g5 45. h3 Rf2 46. Nh2 Bd6 47.
Kg1 Rc2 48. Nf1 Bc5+ 49. Kh1 Rc1 50. Kg2 Rc2+ 51. Kh1 f5 52. Ra8 Rf2 53. Nh2 g4
54. hxg4 hxg4 55. a4 Ra2 56. Nf1 Kc4 57. Rg8 Kb4 58. Rg7 Kxa4 59. Ra7+ Kb3 60.
Rf7 Rf2 61. Nh2 b5 62. Rc7 Bd4 63. Rd7 Kc4 64. Kg1 Rd2+ 65. Kh1 Rd1+ 0-1